Obras escogidas
保存先:
| 第一著者: | |
|---|---|
| フォーマット: | 図書 |
| 言語: | Undetermined |
| 出版事項: |
Madrid, España
D.E.F. de Angulo
1928
|
| 主題: | |
| タグ: |
タグ追加
タグなし, このレコードへの初めてのタグを付けませんか!
|
MARC
| LEADER | 00000nam a2200000Ia 4500 | ||
|---|---|---|---|
| 008 | 170316s9999 xx 000 0 und d | ||
| 040 | |a cru BVZT | ||
| 090 | |a 862 G-3o | ||
| 100 | |a Gallardo, José Carlos | ||
| 245 | |a Obras escogidas | ||
| 260 | |a Madrid, España |b D.E.F. de Angulo |c 1928 | ||
| 300 | |a 322 páginas Tomo 2. | ||
| 650 | |a LITERATURA ESPAÑOLA | ||
| 999 | |c 9932 |d 9932 | ||
| 942 | |c 15 D |h 862 G-3o |2 z | ||
